Statistiques concernant Tapez l'alphabet en 15 secondes

Cliquez ici pour prendre le quiz!

Statistiques générales

  • Ce quiz a été pris 1 490 fois
  • Le résultat moyen est 22 sur 26

Statistiques - réponses

Lettre% Correct
A
100%
B
95%
C
94%
D
93%
E
93%
F
91%
G
91%
H
91%
I
90%
J
89%
K
88%
L
88%
M
87%
N
84%
O
84%
P
83%
Q
81%
R
81%
S
80%
T
79%
U
77%
V
75%
W
73%
X
69%
Y
68%
Z
66%

Distribution des résultats

Percentile par nombre de réponses

% des personnes avec chaque résultat

Votre développement - résultats

Vous n’avez pas pris ce quiz